000 00744nam a2200253Ia 4500
003 OSt
005 20220928123438.0
006 a|||||r|||| 00| 0
007 ta
008 220927b |||||||| |||| 00| 0 eng d
020 _c4958.0082000000002
024 _a120207
037 _b61, 17/10/2013, Better Book Service
_cTextual
040 _aSDCL
_cSDCL
_beng
041 _2eng
_aeng
082 _aC9L, Q2
100 _aWood Andrew W.
_9461156
245 0 _aPhysiology, biophysics and biomedical engineering.
260 _aBoca Raton
_b CRC Press
_c2012
300 _axix;762p
_ccm.
650 _aBiophysics
942 _hC9L, Q2
_cTEXL
_2CC
999 _c774223
_d774223